| Tag |
First Indicator |
Second Indicator |
Subfields |
| LEADER |
00000cam a22000008i 4500 |
| 001 |
in00000041219 |
| 005 |
20151007072508.0 |
| 008 |
781218s1979 wb a b 00110 eng |
| 010 |
|
|
|a 78027789
|
| 020 |
|
|
|a 3110065711
|
| 035 |
|
|
|a (OCoLC)04593066
|
| 035 |
|
|
|9 AAE7980AM
|
| 040 |
|
|
|a DLC
|c DLC
|d TXA
|d UtOrBLW
|
| 049 |
|
|
|a TXAM
|c [1405769]
|
| 050 |
0 |
0 |
|a QE462.U4
|b A92
|
| 082 |
0 |
|
|a 552/.1
|
| 100 |
1 |
|
|a Augustithis, S. S.
|
| 245 |
1 |
0 |
|a Atlas of the textural patterns of basic and ultrabasic rocks and their genetic significance /
|c S. S. Augustithis.
|
| 263 |
|
|
|a 7902
|
| 264 |
|
1 |
|a Berlin ;
|a New York :
|b W. de Gruyter,
|c 1979.
|
| 300 |
|
|
|a x, 393 pages :
|b illustrations ;
|c 30 cm.
|
| 336 |
|
|
|a text
|b txt
|2 rdacontent
|
| 337 |
|
|
|a unmediated
|b n
|2 rdamedia
|
| 338 |
|
|
|a volume
|b nc
|2 rdacarrier
|
| 500 |
|
|
|a Includes indexes.
|
| 504 |
|
|
|a Bibliography: pages 373-379.
|
| 650 |
|
0 |
|a Ultrabasic rocks.
|
| 650 |
|
0 |
|a Igneous rocks.
|
| 650 |
|
0 |
|a Petrofabric analysis.
|
| 999 |
|
|
|a MARS
|
| 999 |
f |
f |
|s 1184d4ae-d197-393e-9f12-3a0689e5637e
|i fd02e769-2eb4-32f0-a34e-2181e774a9d2
|t 0
|
| 952 |
f |
f |
|p ric
|a Texas A&M University
|b Rellis Campus
|c Joint Library Facility
|d Remote Storage
|t 0
|e QE462.U4 A92
|h Library of Congress classification
|i unmediated -- volume
|m A14804789140
|
| 998 |
f |
f |
|a QE462.U4 A92
|t 0
|l Remote Storage
|